| 000 | 00000nam 2200000zi 4500 |
| 001 | 9.930491 |
| 003 | CaOODSP |
| 005 | 20241203113656 |
| 006 | m o d f |
| 007 | cr |n||||||||| |
| 008 | 231117e19750617onc o f000 0 eng d |
| 040 | |aCaOODSP|beng|erda|cCaOODSP |
| 043 | |an-cn--- |
| 086 | 1 |aEn4-609/1975E-PDF |
| 245 | 10|aCanada's environment : |ba framework for action / |ca report prepared by the Federal-Provincial Task Force on a Canadian Action Plan Respecting the Environment. |
| 264 | 1|a[Ottawa] : |bEnvironment Canada = Environnement Canada, |cJune 17, 1975. |
| 300 | |a1 online resource (1 volume (various pagings)) |
| 336 | |atext|btxt|2rdacontent |
| 337 | |acomputer|bc|2rdamedia |
| 338 | |aonline resource|bcr|2rdacarrier |
| 500 | |aDigitized edition from print [produced by Environment and Climate Change Canada]. |
| 500 | |aIssued also in French under title: Cadre d'action pour l'environnement canadien. |
| 650 | 0|aEnvironmental policy|zCanada. |
| 650 | 0|aEnvironmental protection|zCanada. |
| 650 | 0|aConservation of natural resources|zCanada. |
| 710 | 1 |aCanada. |bEnvironment Canada, |eissuing body. |
| 775 | 08|tCadre d'action pour l'environnement canadien / |w(CaOODSP)9.939747 |
| 856 | 40|qPDF|s2.56 MB|uhttps://publications.gc.ca/collections/collection_2024/eccc/en4/En4-609-1975-eng.pdf |